| 000 | 00558 a2200193 4500 | ||
|---|---|---|---|
| 005 | 20240516105542.0 | ||
| 010 | _aB-759051 | ||
| 020 |
_a8190124900 _c550.00 |
||
| 035 | _aB-759051 | ||
| 037 | _bGift/Unesco | ||
| 082 | _a302.23 | ||
| 100 |
_aSamhita, Vikram _966260 |
||
| 245 |
_aBranded/ _cVikram Samhita |
||
| 260 |
_aNew Delhi _bBridge _c2001 |
||
| 270 |
_aD-240(F.F), Sarvodaya Enclave _bNew Delhi _e110017 |
||
| 300 |
_a363 p. _c23cm (Hb) |
||
| 942 |
_adpl _cEN _2ddc _h302.23 _mSAM |
||
| 999 |
_c202875 _d202875 |
||